| 000 | 00618nam a2200217 b 4500 | ||
|---|---|---|---|
| 001 | 00000000027852 | ||
| 003 | OSt | ||
| 005 | 20151116163603.0 | ||
| 008 | 020226s1977 esp 000 0 spa d | ||
| 020 | _a84-239-0267-6 | ||
| 040 |
_abp-mh _cBMC |
||
| 082 | _a891.73 | ||
| 100 | 1 |
_9133 _aDostoevskiï, Fiodor Mijaïlovich _d1821-1881 |
|
| 245 | 1 | 3 |
_aEl jugador _cFedor Dostoyevski ; [traducción por Rafael Cansinos Assens] |
| 250 | _a8ª ed | ||
| 260 |
_aMadrid _bEspasa-Calpe _c1977 |
||
| 300 |
_a143 p. _c18 cm |
||
| 490 |
_aAustral _v267 |
||
| 700 |
_9261 _aCansinos Asséns, Rafael _d1883-1964 |
||
| 942 |
_2ddc _cBK |
||
| 999 |
_c196 _d196 |
||